Binnenstaaten mit genau zwei Nachbarländern - Statistiken

Allgemein
  • Dieses Quiz wurde 10.942 mal gespielt
  • Das Durchschnittsergebnis liegt bei 11 aus 18
Antwortstatistiken
Länder % Korrekt
Liechtenstein
86%
Andorra
85%
Österreich
81%
Schweiz
81%
Spanien
80%
Frankreich
79%
China
74%
Mongolei
72%
Russland
72%
Nepal
70%
Indien
69%
Bhutan
66%
Eswatini
48%
Südafrika
47%
Mosambik
42%
Moldawien
34%
Ukraine
33%
Rumänien
31%
Keine übereinstimmenden Quizze gefunden
Verteilung der Resultate
Anzahl Personen mit jedem Resultat
Perzentil nach korrekt beantworteten Fragen
Ihre Resultats-Entwicklung
Sie haben dieses Quiz noch nicht gespielt